|
|
|
|
| LEADER |
03541nam a2200889 i 4500 |
| 001 |
nkc20152686547 |
| 003 |
CZ PrNK |
| 005 |
20190404235018.0 |
| 007 |
ta |
| 008 |
150327s2015 xr f 001 0 cze |
| 015 |
|
|
|a cnb002686547
|
| 020 |
|
|
|a 978-80-904126-8-2
|q (Libor Martinek ;
|q vázáno)
|
| 020 |
|
|
|a 978-83-7273-842-4
|q (STON2 ;
|q vázáno)
|
| 035 |
|
|
|a (OCoLC)913563990
|
| 040 |
|
|
|a BOA001
|b cze
|e rda
|
| 041 |
0 |
|
|a cze
|a pol
|b cze
|b eng
|
| 043 |
|
|
|a e-xr---
|b e-xr-mo
|a e-pl---
|b e-xr-sl
|2 czenas
|
| 044 |
|
|
|a xr
|a pl
|
| 045 |
|
|
|a x-x-
|
| 072 |
|
7 |
|a 821.162.3.09
|x Česká literatura (o ní)
|2 Konspekt
|9 11
|
| 080 |
|
|
|a 82:316.347
|2 MRF
|
| 080 |
|
|
|a 316.72
|2 MRF
|
| 080 |
|
|
|a 316.72:323.174
|2 MRF
|
| 080 |
|
|
|a 82-027.541
|2 MRF
|
| 080 |
|
|
|a 821.162.3
|2 MRF
|
| 080 |
|
|
|a 821.162.1
|2 MRF
|
| 080 |
|
|
|a 913(1-192)
|2 MRF
|
| 080 |
|
|
|a (437.3)
|2 MRF
|
| 080 |
|
|
|a (437.326)
|2 MRF
|
| 080 |
|
|
|a (438)
|2 MRF
|
| 080 |
|
|
|a (437.326)
|2 MRF
|
| 080 |
|
|
|a (437.33)
|2 MRF
|
| 080 |
|
|
|a (048.8)
|2 MRF
|
| 100 |
1 |
|
|a Martinek, Libor,
|d 1965-
|7 mzk2002106085
|4 aut
|
| 245 |
1 |
0 |
|a Identita v literatuře českého Těšínska :
|b monografie /
|c Libor Martinek
|
| 250 |
|
|
|a První vydání
|
| 264 |
|
1 |
|a Opava ;
|a Kielce :
|b STON 2,
|c 2015
|
| 300 |
|
|
|a 434 strany ;
|c 25 cm
|
| 336 |
|
|
|a text
|b txt
|2 rdacontent
|
| 337 |
|
|
|a bez média
|b n
|2 rdamedia
|
| 338 |
|
|
|a svazek
|b nc
|2 rdacarrier
|
| 500 |
|
|
|a Vydáno ve spolupráci s nakladatelstvím a vydavatelstvím Libor Martinek Literature & Sciences
|
| 504 |
|
|
|a Obsahuje bibliografii, bibliografické odkazy a rejstřík
|
| 546 |
|
|
|a Částečně polský text, české a anglické resumé
|
| 648 |
|
7 |
|a 20. století
|7 ch460558
|2 czenas
|
| 650 |
0 |
7 |
|a národní identita v literatuře
|7 ph241940
|z Česko
|2 czenas
|
| 650 |
0 |
7 |
|a kulturní identita
|7 ph122024
|z Česko
|2 czenas
|
| 650 |
0 |
7 |
|a regionální identita
|7 ph121103
|z Česko
|2 czenas
|
| 650 |
0 |
7 |
|a regionální literatura
|7 ph125079
|z Česko
|2 czenas
|
| 650 |
0 |
7 |
|a česká literatura
|7 ph116858
|y 20. století
|2 czenas
|
| 650 |
0 |
7 |
|a polská literatura
|7 ph115805
|z Česko
|y 20. století
|2 czenas
|
| 650 |
0 |
7 |
|a pohraničí
|7 ph124197
|z Česko
|2 czenas
|
| 650 |
0 |
7 |
|a pohraničí
|7 ph124197
|z Polsko
|2 czenas
|
| 650 |
0 |
9 |
|a national identity in literature
|z Czechia
|2 eczenas
|
| 650 |
0 |
9 |
|a cultural identity
|z Czechia
|2 eczenas
|
| 650 |
0 |
9 |
|a regional identity
|z Czechia
|2 eczenas
|
| 650 |
0 |
9 |
|a regional literature
|z Czechia
|2 eczenas
|
| 650 |
0 |
9 |
|a Czech literature
|y 20th century
|2 eczenas
|
| 650 |
0 |
9 |
|a Polish literature
|z Czechia
|y 20th century
|2 eczenas
|
| 650 |
0 |
9 |
|a border region
|z Czechia
|2 eczenas
|
| 650 |
0 |
9 |
|a border region
|z Poland
|2 eczenas
|
| 651 |
|
7 |
|a Těšínské Slezsko
|7 ge128598
|2 czenas
|
| 651 |
|
7 |
|a Český Těšín (Česko : oblast)
|7 ge131717
|2 czenas
|
| 651 |
|
7 |
|a Slezsko (Česko)
|7 ge138041
|2 czenas
|
| 651 |
|
9 |
|a Cieszyn Silesia
|2 eczenas
|
| 651 |
|
9 |
|a Český Těšín Region (Czechia)
|2 eczenas
|
| 651 |
|
9 |
|a Silesia (Czechia)
|2 eczenas
|
| 655 |
|
7 |
|a monografie
|7 fd132842
|2 czenas
|
| 655 |
|
9 |
|a monographs
|2 eczenas
|
| 856 |
4 |
1 |
|u https://www.digitalniknihovna.cz/mzk/uuid/uuid:b380ac80-01df-11e9-bc37-005056827e51
|y Digitalizovaný dokument
|x NDK
|
| 910 |
2 |
|
|a BOA001
|b 2-1348.558
|
| 928 |
9 |
|
|a Literature & Sciences
|
| 990 |
|
|
|a BK
|
| 995 |
|
|
|a 01
|
| 991 |
|
|
|b 201506
|c NOV
|e n
|
| 996 |
6 |
|
|b 2610635262
|c 2-1348.558
|l MZK
|r Sklad / do 1 hodiny
|n 5
|p p.v.
|w 001509557
|u 000010
|a 1
|e BOA001
|j MZK50
|s P
|
| 996 |
7 |
|
|b 2610665756
|c 2-1348.558
|l MZK
|r Sklad / do 1 hodiny
|n 6
|p dar
|w 001509557
|u 000020
|a 1
|e BOA001
|j MZK50
|s A
|